LEADER 03418oam 22007934a 450 001 9910456278103321 005 20211028114833.0 010 $a1-4473-0142-0 010 $a1-282-56202-9 010 $a9786612562020 010 $a1-84742-206-3 035 $a(CKB)2550000000012911 035 $a(EBL)517155 035 $a(OCoLC)624748680 035 $a(SSID)ssj0000411446 035 $a(PQKBManifestationID)12191307 035 $a(PQKBTitleCode)TC0000411446 035 $a(PQKBWorkID)10356009 035 $a(PQKB)10249822 035 $a(UtOrBLW)PPO00232 035 $a(MiAaPQ)EBC517155 035 $a(Au-PeEL)EBL517155 035 $a(CaPaEBR)ebr10381330 035 $a(CaONFJC)MIL256202 035 $a(MdBmJHUP)musev2_80138 035 $a(EXLCZ)992550000000012911 100 $a20100521d2010 uy 0 101 0 $aeng 135 $aur|n#---||||| 181 $ctxt$2rdacontent 182 $cc$2rdamedia 183 $acr$2rdacarrier 200 00$aAgeing and intergenerational relations$eFamily reciprocity from a global perspective /$fedited by Misa Izuhara 210 1$aBristol :$cPolicy Press,$d2010. 210 4$d©2010. 215 $a1 online resource (ix, 165 pages) $cillustrations 225 0 $aAgeing and the Lifecourse Series 311 $a1-84742-204-7 311 $a1-84742-205-5 320 $aIncludes bibliographical references and index. 327 $aAGEING AND INTERGENERATIONAL RELATIONS; Contents; List of tables and figures; Notes on contributors; Foreword; 1. Introduction; 2. Globalisation, global ageing and intergenerational change; 3. Theoretical perspectives on intergenerational solidarity, conflict and ambivalence; 4. Globalised transmissions of housing wealth and return migration; 5. Housing wealth and family reciprocity in East Asia; 6. Grandparents and HIV and AIDS in Sub-Saharan Africa; 7. Spiritual debts and gendered costs; 8. Reciprocity in intergenerational relationships in stepfamilies. 330 8 $aExamining the key aspects of the new patterns of family relations both conceptually and empirically from a global perspective, this text covers Europe, East Asia, Sub-Saharan Africa, Thailand and the USA, with contributions from a wide range of authors. 410 0$aAgeing and the Lifecourse Series 606 $aOlder people$xSocial conditions$2fast$3(OCoLC)fst01199129 606 $aIntergenerational relations$2fast$3(OCoLC)fst00976251 606 $aAging$2fast$3(OCoLC)fst00800293 606 $aFAMILY & RELATIONSHIPS$xAging$2bisacsh 606 $aSOCIAL SCIENCE$xGerontology$2bisacsh 606 $aOlder people$xSocial conditions$vCross-cultural studies 606 $aIntergenerational relations$vCross-cultural studies 606 $aAging$vCross-cultural studies 608 $aCross-cultural studies. 608 $aElectronic books. 615 0$aOlder people$xSocial conditions. 615 0$aIntergenerational relations. 615 0$aAging. 615 0$aFAMILY & RELATIONSHIPS$xAging. 615 0$aSOCIAL SCIENCE$xGerontology. 615 0$aOlder people$xSocial conditions 615 0$aIntergenerational relations 615 0$aAging 676 $a305.26 701 $aIzuhara$b Misa$0979870 801 0$bMdBmJHUP 801 1$bMdBmJHUP 906 $aBOOK 912 $a9910456278103321 996 $aAgeing and intergenerational relations$92234822 997 $aUNINA LEADER 01849nam 2200601 450 001 9910818514203321 005 20220420144523.0 010 $a1-118-85954-5 010 $a1-119-20971-4 035 $a(CKB)4330000000009314 035 $a(Au-PeEL)EBL4778484 035 $a(CaPaEBR)ebr11325726 035 $a(CaONFJC)MIL986133 035 $a(OCoLC)960940725 035 $a(CaSebORM)9781118853757 035 $a(MiAaPQ)EBC4778484 035 $a(EXLCZ)994330000000009314 100 $a20170119h20172017 uy 0 101 0 $aeng 135 $aurcnu|||||||| 181 $ctxt$2rdacontent 182 $cc$2rdamedia 183 $acr$2rdacarrier 200 12$aA complete guide to the futures market $efundamental analysis, technical analysis, trading, spreads and options spreads and trading principles /$fJack D. Schwager, Mark Etzkorn 205 $aSecond edition. 210 1$aHoboken, New Jersey :$cWiley,$d2017. 210 4$d©2017 215 $a1 online resource 225 1 $aWiley Trading Series 311 $a1-118-85375-X 320 $aIncludes bibliographical references and index. 410 0$aWiley trading series. 606 $aFutures market 606 $aCommodity exchanges 606 $aHedging (Finance) 606 $aMercat de futurs$2thub 606 $aLlotges de comerç$2thub 608 $aLlibres electrònics$2thub 615 0$aFutures market. 615 0$aCommodity exchanges. 615 0$aHedging (Finance) 615 7$aMercat de futurs 615 7$aLlotges de comerç 676 $a332.64/52 700 $aSchwager$b Jack D.$f1948-$01599412 702 $aEtzkorn$b Mark 801 0$bMiAaPQ 801 1$bMiAaPQ 801 2$bMiAaPQ 906 $aBOOK 912 $a9910818514203321 996 $aA complete guide to the futures market$93922076 997 $aUNINA LEADER 05989oam 22011774 450 001 9910970780503321 005 20250426110902.0 010 $a9786612842993 010 $a9781462345687 010 $a1462345689 010 $a9781452780344 010 $a145278034X 010 $a9781282842991 010 $a1282842994 010 $a9781451872255 010 $a1451872259 035 $a(CKB)3170000000055249 035 $a(EBL)1608259 035 $a(SSID)ssj0000940058 035 $a(PQKBManifestationID)11512679 035 $a(PQKBTitleCode)TC0000940058 035 $a(PQKBWorkID)10956250 035 $a(PQKB)10821217 035 $a(OCoLC)551073601 035 $a(IMF)WPIEE2009078 035 $a(MiAaPQ)EBC1608259 035 $a(IMF)WPIEA2009078 035 $aWPIEA2009078 035 $a(EXLCZ)993170000000055249 100 $a20020129d2009 uf 0 101 0 $aeng 135 $aurcnu|||||||| 181 $ctxt 182 $cc 183 $acr 200 10$aAssessing Exchange Rate Competitiveness in the Eastern Caribbean Currency Union /$fEmilio Pineda, Paul Cashin, Yan Sun 205 $a1st ed. 210 1$aWashington, D.C. :$cInternational Monetary Fund,$d2009. 215 $a1 online resource (43 p.) 225 1 $aIMF Working Papers 300 $aDescription based upon print version of record. 311 08$a9781451916607 311 08$a1451916604 320 $aIncludes bibliographical references. 327 $aContents; I. Introduction; II. Theoretical Background; III. Evolution of the Real Exchange Rate in the ECCU; A. Analysis of Traditional Real Exchange Rate Measures; B. Real Exchange Rates Based on Customers and Competitors of Tourism Sector; IV. Equilibrium Real Exchange Rate Models; A. The PPP Hypothesis; B. Equilibrium Real Exchange Rate: The Impact of Tourism; C. Macroeconomic Balance Approach; V. Conclusions; Appendices; I. Tourism and the Real Exchange Rate; A. Tourism Model; II. Data Sources; Tables; 1. ECCU: Unit Root Tests on REER; 2. ECCU: Panel Unit Root Tests on REER 327 $a3. Results of the Error Correction Specification for Different Samples 4. Estimation Results: Macroeconomic Balance Approach; Figures; 1. ECCU: Real Exchange Rate-Real Effective Exchange Rate, 1979-2009; 2. The Caribbean: Real Exchange Rate-Real Effective Exchange Rate, 1979-2009; 3. Real Exchange Rates with Respect to Main Customers of the Tourism Sector 1979-2009; 4. Real Exchange Rates with Respect to Tourism Competitors, 1979-2009; 5. ECCU: Actual and Long-Run Average REER, 1979-2008; 6. ECCU: Actual and Equilibrium REER, 1979-2008; 7. ECCU: Actual and Equilibrium REER, 1979-2008 327 $a8. ECCU: Contributions to Changes in Equilibrium Exchange Rates, 1982-20089. Contributions to Changes of Equilibrium Real Exchange Rates, 1982-2008; 10. ECCU: Current Account Deficit, Actual and Estimated Norms; 11. ECCU: Current Account Deficit, Actual and Estimated Norms; 12. ECCU: Contributions to Current Account/GDP Norm, 1979-2008; References 330 3 $aThis paper uses three methods to assess movements of real exchange rates in the ECCU over time. First, the purchasing power parity hypothesis is tested and then used to provide a benchmark for equilibrium real exchange rates in the region. Second, a fundamentals-based equilibrium real exchange rate approach is used to explore sources of real exchange rate fluctuations in ECCU countries. And third, a macroeconomic balance approach is used to estimate equilibrium current account or current account "norms". The main finding of these analyses is that there is little evidence of overvaluation of the EC dollar. Furthermore, this paper contributes to the literature by analyzing the distinctive impact of tourism in determining real exchange rates through the wealth effect induced by tourism-driven increases in terms of trade and productivity. 410 0$aIMF Working Papers; Working Paper ;$vNo. 2009/078 606 $aForeign exchange rates$zCaribbean Area 606 $aMonetary unions$zCaribbean Area 606 $aBalance of payments$2imf 606 $aCurrency$2imf 606 $aCurrent Account Adjustment$2imf 606 $aCurrent account balance$2imf 606 $aExports and Imports$2imf 606 $aForeign Exchange$2imf 606 $aForeign exchange$2imf 606 $aGambling$2imf 606 $aHospitality, leisure & tourism industries$2imf 606 $aIndustries: Hospital,Travel and Tourism$2imf 606 $aInternational economics$2imf 606 $aPurchasing power parity$2imf 606 $aReal effective exchange rates$2imf 606 $aReal exchange rates$2imf 606 $aRecreation$2imf 606 $aRestaurants$2imf 606 $aShort-term Capital Movements$2imf 606 $aSports$2imf 606 $aTourism$2imf 607 $aUnited States$2imf 615 0$aForeign exchange rates 615 0$aMonetary unions 615 7$aBalance of payments 615 7$aCurrency 615 7$aCurrent Account Adjustment 615 7$aCurrent account balance 615 7$aExports and Imports 615 7$aForeign Exchange 615 7$aForeign exchange 615 7$aGambling 615 7$aHospitality, leisure & tourism industries 615 7$aIndustries: Hospital,Travel and Tourism 615 7$aInternational economics 615 7$aPurchasing power parity 615 7$aReal effective exchange rates 615 7$aReal exchange rates 615 7$aRecreation 615 7$aRestaurants 615 7$aShort-term Capital Movements 615 7$aSports 615 7$aTourism 676 $a338.28394 700 $aPineda$b Emilio$01816173 701 $aCashin$b Paul$01813246 701 $aSun$b Yan$0690256 801 0$bDcWaIMF 906 $aBOOK 912 $a9910970780503321 996 $aAssessing Exchange Rate Competitiveness in the Eastern Caribbean Currency Union$94372500 997 $aUNINA LEADER 12371nam 22006613 450 001 9910734391403321 005 20250513222720.0 010 $a3-7489-0749-4 035 $a(CKB)4100000011492823 035 $a(MiAaPQ)EBC6405426 035 $a(Au-PeEL)EBL6405426 035 $a(OCoLC)1224363592 035 $a(NjHacI)994100000011492823 035 $a(EXLCZ)994100000011492823 100 $a20210901d2020 uy 0 101 0 $ager 135 $aurcnu|||||||| 181 $ctxt$2rdacontent 182 $cc$2rdamedia 183 $acr$2rdacarrier 200 14$aDer digitalisierte Staat - Chancen und Herausforderungen für den modernen Staat $e60. Assistententagung Öffentliches Recht Trier 2020 205 $a1st ed. 210 1$aBaden-Baden :$cNomos Verlagsgesellschaft,$d2020. 210 4$d©2020. 215 $a1 online resource (420 pages) 311 08$a3-8487-6614-0 320 $aIncludes bibliographical references and index. 327 $aCover -- Grundlagen von Digitalisierung und Recht -- Substituierte Attribute - Kognitive Sto?rungen im Recht des digitalisierten Staates -- I. Dual Process-Theorien und Attributsubstitution -- 1. Dual Process-Theorien -- 2. Attributsubstitution -- II. Rechtliche Relevanz -- 1. Allgemein -- 2. Attributsubstitution und rechtlich relevante Abwa?gungen -- 3. Spezifische Sto?rungsanfa?lligkeit von Recht im digitalisierten Staat -- III. Beispiele -- 1. Vorratsdatenspeicherung -- a) Abwesenheit eines Gefu?hls des sta?ndigen U?berwachtwerdens als grundrechtliches Schutzgut -- b) Kognitive Verzerrung durch Attributsubstitution -- 2. Autonomes Fahren (Dilemma-Situationen) -- a) Diskrepante strafrechtliche Bewertung -- b) Kognitive Sto?rung durch Attributsubstitution -- aa) Attributsubstitution durch Illusion einer Tun-Unterlassen-Differenz und deontologischen Impuls -- bb) Indizien fu?r die Attributsubstitution -- IV. Schluss -- Demokratischer Staat und Wandel. Regulierungsrecht als Projekt einer aporetischen Demokratie -- A. Erster Teil: Staat -- I. Staatstheoretische Perspektive: Staatszweckdiskurse -- II. Rechtshistorische Perspektive: Muster -- 1. Gewissheitsverluste und das Narrativ der Repressivita?t -- 2. Mo?glichkeitsra?ume und das Narrativ der Freiheitsentfaltung -- 3. Institutionalisierung und das Narrativ des deutschen Idealismus -- 4. Drei Muster und das Gemeinwohl -- B. Zweiter Teil: Demokratie -- I. Ideengeschichtliche Perspektive: Praxis einer Idee -- II. Demokratietheoretische Perspektive: Eine aporetische Lebensform -- 1. Normativer Ertrag: Begleitung durch Politisierung -- 2. Analytischer Ertrag: Tarieren ohne Tara -- Fazit -- Die Digitalisierung von Forschung und Lehre - auf dem Weg in eine "o?ffentliche" Rechtswissenschaft? -- I. Der Stand der Digitalisierung von Forschung und Lehre: Eine kritische Bestandsaufnahme -- 1. Lehre -- 2. Forschung. 327 $aII. Die Digitalisierung als Weg in eine "o?ffentliche" Rechtswissenschaft? -- 1. Was ist o?ffentliche Wissenschaft? -- a) Open Access -- b) Open Educational Resources -- 2. Initiativen zur Fo?rderung o?ffentlicher Wissenschaft -- 3. Rezeption in der Rechtswissenschaft -- a) Offene Lehrmaterialien in der Rechtswissenschaft -- b) Offene Forschung in der Rechtswissenschaft -- c) Vorbehalte -- III. Lo?sungsansa?tze -- 1. Zwang durch Open-Access-Zweitverwertungspflichten -- a) Zusta?ndigkeit der Landesgesetzgeber -- b) Vereinbarkeit mit Art. 5 Abs. 3 S. 1 GG -- aa) Schutzbereich -- bb) Eingriff -- cc) Rechtfertigung -- c) Vereinbarkeit mit Art. 14 Abs. 1 und 12 Abs. 1 GG -- d) Vereinbarkeit mit der Urheberrechtsrichtlinie -- 2. Fo?rderung -- 3. Freiwilligkeit -- III. Fazit -- Grundrechte im digitalen Zeitalter -- Recht auf Ineffizienz - Eine Untersuchung des Verha?ltnisses von Grundrechten zur Effizienz -- I. Einleitung - Digitalisierung und das Versprechen der Effizienz -- II. Der Begriff Effizienz und seine Verwendung im Recht -- 1. Pareto-Effizienz und das Kaldor-Hicks-Kriterium -- 2. Die Unterordnung des Rechts unter das Effizienzprinzip -- 3. Das Reichtumsmaximierungsprinzip -- 4. Zwischenergebnis -- III. Effizienz als grundrechtliches Argument -- 1. Effizienz als grundrechtliche Maxime -- 2. Effizienz als grundrechtlich geschu?tztes Ziel -- 3. Effizienz in der Verha?ltnisma?ßigkeitspru?fung -- 4. Grundrechte als Rechte auf Ineffizienz -- IV. Fazit -- Recht auf 5G oder: Digitalisierung - Gefahr oder Grundrecht? -- A. Einleitung, Erkenntnisinteresse und Fragestellung -- B. 0. Kapitel: Zum Begriff der "Digitalisierung" -- C. In Medias Res -- I. Gang der Analyse: U?berblick -- II. Meinungsfreiheit -- a) Gewa?hrleistungspflichten bei "klassischen" Abwehrrechten - dogmatische Schlaglichter -- b) Das Internet in der Gegenwart - die Gegenwart im Internet. 327 $ac) Zuru?ck zu Gewa?hrleistungspflichten: Recht auf 5G? -- i) Art. 19 IPbpR -- ii) Art. 10 EMRK und Art. 11 GRC -- iii) Fazit -- III. Recht auf ein "digitales Klassenzimmer"? -- a) Internationales Vertragsrecht: Art. 13 IPwskR -- b) Internationales Vertragsrecht: Durch die Augen des Kindes - die Kinderrechtskonvention 1989 (CRC) -- c) Europa?ische regionale Instrumente: EMRK und GRC -- d) Fazit -- D. Abschließende Bemerkungen -- Brauchen wir ein Recht auf "digitalen Herdenschutz"? - Die Gefahren kommerziellen Profilings fu?r die pluralistische Demokratie und gesellschaftliche Minderheiten -- I. Die Funktionsweise und Gefahren von kommerziellem Profiling -- II. Die rechtlichen Grundlagen von Profiling -- 1. Sekunda?rrechtliche Regelung des Profilings -- 2. Verfassungsrechtliche Dimension des Profilings -- a) Einschla?gige Grundrechtsquelle -- b) Einschla?gige Grundrechte -- III. Alternativen zu einem Recht auf digitalen Herdenschutz -- 1. Maßnahmen auf Seiten der Betroffenen -- a) Verweigern der Verarbeitungserlaubnis -- b) Verweigerung von Angaben -- c) Recht auf Lo?schung -- d) Recht zur Lu?ge -- 2. Maßnahmen auf Seiten der Verarbeiter -- a) Zeitliche Begrenzung von Datenspeicherung -- b) Restriktion der Dateninterpretation -- IV. Das Recht auf digitalen Herdenschutz -- V. Fazit -- Die Digitalisierung - Feind oder Freund der Demokratie -- Staatlicher Schutz des Meinungsbildungsprozesses in sozialen Netzwerken gegen potentielle Beeintra?chtigungen durch Meinungsroboter -- I. Grundlagen - Die Beeinflussung des Meinungsbildungsprozesses durch Meinungsroboter innerhalb sozialer Netzwerke -- 1. Meinungsroboter in sozialen Netzwerken -- 2. Meinungsbildung und der Einfluss von Meinungsrobotern -- II. Staatliche (Schutz-)Verantwortung vor den neuen Risiken der Meinungsroboter -- 1. Bestehen staatliche Schutzpflichten beim Einsatz von Meinungsrobotern?. 327 $a2. Nicht-staatlicher U?bergriff auf grundrechtliche Schutzgu?ter -- 3. U?berschreiten einer Gefahrenschwelle? -- III. Rechtsfolge - Ausgestaltungsauftrag an den Gesetzgeber -- 1. Konkreter Schutzbedarf -- 2. Das bisherige Schutzkonzept des Gesetzgebers -- 3. Der Medienstaatsvertrag als Antwort und Balance zwischen Schutz und Eingriff? -- 4. Erga?nzende Maßnahmen de lege ferenda -- IV. Fazit -- Das Recht auf menschliche Entscheidung - Freiheit in Zeiten der Digitalisierung und einer automatisierten Rechtsanwendung -- I. Digitalisierung der Staatsgewalt -- II. Automation der Verwaltung und technische Erzeugung von Verwaltungsmaßnahmen -- 1. Ausschließlich automationsgestu?tzt erlassener oder korrigierter Steuerbescheid als Leitbild der Steuerfestsetzung -- 2. Wandel des Vollzugs von Gesetzen durch menschliche U?berpru?fung des Einzelfalls hin zu vollsta?ndig automatisiert erlassenen Verwaltungsakten -- III. Chancen und Risiken durch die Automation der Verwaltung -- IV. Das Recht auf menschliche Entscheidung im Grundgesetz -- V. Kategorien technisch erzeugbarer Verwaltungsentscheidungen -- 1. Vollsta?ndig technisch erzeugbare Entscheidung unter Ausschluss des Menschen -- a) Gesetzma?ßigkeit des Verwaltungshandelns -- b) Weitere materiell-rechtliche Vorgaben der Verfassung -- 2. Automationsgeleitete menschliche Entscheidung und automationsgestu?tzte menschliche Entscheidung -- a) Unterscheidung zwischen automationsgeleiteter menschlicher Entscheidung und automationsgestu?tzter menschlicher Entscheidung -- b) Gesetzma?ßigkeit des Verwaltungshandelns -- c) Weitere materiell-rechtliche Vorgaben der Verfassung -- 3. Vollsta?ndig menschliche Entscheidung unter Ausschluss der Technik -- a) Gesetzma?ßigkeit des Verwaltungshandelns -- b) Weitere materiell-rechtliche Vorgaben der Verfassung -- V. Fazit. 327 $aVerfassungsma?ßigkeit von Internetwahlen? Neukonzeption eines Bewertungsmaßstabs fu?r innovative Wahlmethoden -- I. Rechtsprechung des Bundesverfassungsgerichts -- 1. Die O?ffentlichkeit der Wahl -- 2. Die Allgemeinheit der Wahl -- 3. Zwischenergebnis -- II. Kritik -- 1. Natur und Funktion der Wahlrechtsgrundsa?tze -- 2. Die O?ffentlichkeit der Wahl ist kein Wahlrechtsgrundsatz -- 3. Zwei Versta?ndnisse der Allgemeinheit der Wahl -- III. Neukonzeption -- 1. Grundlegung -- 2. Vertrauen -- 3. Partizipation -- 4. Verha?ltnis -- IV. Das Beispiel der Internetwahl -- 1. Vertrauen -- 2. Partizipation -- a) Regelfall -- b) Sonderfall: Auslandsdeutsche -- 3. Zwischenergebnis -- V. Fazit und Ausblick -- Gefahrenabwehr und Digitalisierung -- Versammlungsko?rper. Zum Schutz von hybriden und online-Versammlungen unter dem Grundgesetz -- I. Pha?nomenologie der Online-Versammlung -- 1. Hybride Versammlungen -- 2. Die online-Versammlung -- 3. Gang der Untersuchung -- II. Die Funktion der online-Versammlung in der digitalen Demokratie -- III. Die Funktion der Versammlungsfreiheit im Grundgesetzes -- 1. Die zwei Begru?ndungsstra?nge der Versammlungsfreiheit -- a) Versammlungsfreiheit als republikanische Freiheit -- b) Versammlungsfreiheit als liberale Freiheit -- 2. Konsequenzen der verschiedenen Begru?ndungsstra?nge der Versammlungsfreiheit fu?r die Ko?rperlichkeit der Versammlung -- a) Akzidentielle Ko?rperlichkeit republikanischer Versammlungsfreiheit -- b) Essentielle Ko?rperlichkeit liberaler Versammlungsfreiheit -- IV. Die Digitalisierung der Versammlung und die doppelte Funktion der Versammlungsfreiheit -- 1. Die verschiedenen Pha?notypen digitalisierter Versammlungen -- 2. Der Gewa?hrleistungsgehalt von Art. 8 Abs. 1 GG zwischen Republikanismus und Liberalismus -- Die Datenmacht des digitalen Staates: Datenformate und Datenstrukturen -- I. Einleitung. 327 $aII. Abbildung von Chancen und Risiken eines Digitalisierungsprozesses. 330 $a"Unbegrenzter Zugang zu Informationen und neue Mo¨glichkeiten fu¨r die Wirtschaft - die Chancen der Digitalisierung sind vielseitig. Gleichzeitig bestehen zahlreiche Herausforderungen wirtschaftlicher, politischer und sozialer Art, die nach Antworten verlangen. Diese digitale Transformation aus o¨ffentlich-rechtlicher Perspektive zu vermessen, hatte sich die 60. Assistententagung, die im Ma¨rz 2020 an der Universita¨t Trier stattfand, zum Ziel gesetzt. Der daraus hervorgegangene Tagungsband versammelt Antworten junger deutschsprachiger Wissenschaftler*innen auf die Frage, welche Chancen und Herausforderungen die Digitalisierung fu¨r moderne Staaten bereitha¨lt und wie unser Rechtsrahmen mit Blick auf den digitalen Wandel fortzuentwickeln ist."--Publisher's website. 606 $aTechnological innovations$xLaw and legislation$zGermany 606 $aSocial media$xLaw and legislation$zGermany 606 $aTelematics$xLaw and legislation$zGermany 606 $aTechnology and law$zGermany 615 0$aTechnological innovations$xLaw and legislation 615 0$aSocial media$xLaw and legislation 615 0$aTelematics$xLaw and legislation 615 0$aTechnology and law 676 $a344.095 701 $aGwiasda$b Benjamin$01371951 701 $aKemper$b Thomas$01371952 701 $aMoir$b Joshua$01371953 701 $aMu?ller$b Sabrina$01371954 701 $aScho?nberger$b Arno$0760346 701 $aSto?cker$b Sebastian$01371955 701 $aWagner$b Julia$01371956 701 $aWolff$b Lydia$01371957 801 0$bMiAaPQ 801 1$bMiAaPQ 801 2$bMiAaPQ 906 $aBOOK 912 $a9910734391403321 996 $aDer digitalisierte Staat - Chancen und Herausforderungen fu?r den modernen Staat$93601797 997 $aUNINA